000 00455nam a22001457a 4500
005 20240807161653.0
008 240807b |||||||| |||| 00| 0 eng d
041 _aeng
082 _bATT
100 _aAttar Swaliha- 2K201011 & Dr. Suvarna Dhamdhere - Guide
_9208073
245 _aA Study of Development of Demand Analytics with Special reference to Jade Global software Pvt. Ltd.
260 _aPune
_bSPPU
_cMarch-2022
300 _a56p
942 _cPR
999 _c359295
_d359295